Important Wars/Revolutions in History - Statistics

General Stats
  • This quiz has been taken 87 times
  • The average score is 9 of 15
Answer Stats
Hint Answer % Correct
1914-1918 World War I
97%
1939-1945 World War II
97%
1789-1799 French Revolution
78%
1947-1991 Cold War
72%
1955-1975 Vietnam War
72%
1775-1783 American Revolution
67%
1950-1953 Korean War
67%
1803-1815 Napoleonic Wars
65%
1861-1865 American Civil-War
64%
1917-1923 Russian Revolution
58%
1812-1815 War of 1812
50%
1936-1939 Spanish Civil-War
46%
1898 Spanish-American War
40%
1095-1291 Crusades
36%
1618-1648 Thirty Years War
35%
No matching quizzes found
Score Distribution
Percent of People with Each Score
Percentile by Number Answered
Your Score History
You have not taken this quiz